| 000 | 00416cam a2200181ua 4500 | ||
|---|---|---|---|
| 001 | 9154 | ||
| 008 | 150223n ii |||gr||||Z||||||eng | ||
| 040 | _cMAIN | ||
| 041 | _aeng | ||
| 082 | _a370 | ||
| 100 |
_aSarma, M. S., _eAuthor., |
||
| 245 | 1 |
_aIntroduction to education _cBy M. Kr. Sarma |
|
| 250 | _a2nd rev. | ||
| 260 |
_aDibrugarh: _bTusher, _c2010. |
||
| 300 | _a310p. | ||
| 653 | _aEducation | ||
| 942 | _cBK | ||
| 999 |
_c8224 _d8224 |
||